Timothy - James / (Record no. 5518)

MARC details
000 -LEADER
fixed length control field 00535nam a22002057a 4500
003 - CONTROL NUMBER IDENTIFIER
control field GBCCL
005 - DATE AND TIME OF LATEST TRANSACTION
control field 20241126110544.0
008 - FIXED-LENGTH DATA ELEMENTS--GENERAL INFORMATION
fixed length control field 180326b ||||| |||| 00| 0 eng d
020 ## - INTERNATIONAL STANDARD BOOK NUMBER
International Standard Book Number 0862011175
040 ## - CATALOGING SOURCE
Transcribing agency gbc
082 ## - DEWEY DECIMAL CLASSIFICATION NUMBER
Classification number 220.7
Item number BIB
100 ## - MAIN ENTRY--PERSONAL NAME
Personal name Brown, Raymond
9 (RLIN) 9958
245 ## - TITLE STATEMENT
Title Timothy - James /
Statement of responsibility, etc. Raymond Brown
250 ## - EDITION STATEMENT
Edition statement Reprinted
260 ## - PUBLICATION, DISTRIBUTION, ETC.
Name of publisher, distributor, etc. Scripture Union,
Place of publication, distribution, etc. London:
Date of publication, distribution, etc. 1984
300 ## - PHYSICAL DESCRIPTION
Extent 120 p.;
Dimensions 21 cm.
440 ## - SERIES STATEMENT/ADDED ENTRY--TITLE
Title Bible Study Commentary
9 (RLIN) 7334
650 ## - SUBJECT ADDED ENTRY--TOPICAL TERM
Topical term or geographic name entry element Bible
Form subdivision Timothy
General subdivision James
9 (RLIN) 9959
942 ## - ADDED ENTRY ELEMENTS (KOHA)
Source of classification or shelving scheme Dewey Decimal Classification
Koha item type Books
Koha issues (borrowed), all copies 1
Holdings
Withdrawn status Lost status Source of classification or shelving scheme Damaged status Not for loan Home library Current Library Shelving location Date acquired Total checkouts Full call number Barcode Date last seen Date last checked out Copy number Price effective from Koha item type
    Dewey Decimal Classification     GRACE BIBLE COLLEGE GRACE BIBLE COLLEGE Biblical Studies 2018-03-26 1 220.7 BIB 001559 2025-05-01 2022-09-16 c.1 2018-03-26 Books
© Grace Bible College Library 2025